| 000 | 01349nam0a22002891 4500 | ||
|---|---|---|---|
| 001 | rc\2236091 | ||
| 005 | 20110829181221.0 | ||
| 035 | _a(NLR Aleph) 006497029 | ||
| 090 |
_a6192037 _c6192037 |
||
| 100 | _a20110829d1979 |||y0rusy50 ca | ||
| 101 | 0 | _arus | |
| 102 | _aRU | ||
| 105 | _aa g ||||| | ||
| 200 | 1 |
_aЦентрализация и координация справочно-информационного обслуживания органами НТИ и НТБ на базе единых фондов дороги _f[М.А. Панова, В.И, Буковский, Т.Г. Цоканова, Н.А. Холошенко] |
|
| 210 |
_aМосква _cЦНИИТЭИ МПС _d1979 |
||
| 215 |
_a28 с. _cил. _d20 |
||
| 225 | 1 |
_aЖелезнодорожный транспорт _eМетод. материалы по НТИ и пропаганде _fЦНИИ информ., техн.-экон. исслед. и пропаганды ж.-д. трансп. _vВып. 1 (59) |
|
| 300 | _aВ надзаг. также: М-во путей сообщения СССР | ||
| 701 | 1 |
_aБуковский _bВ. И. |
|
| 701 | 1 |
_aЦоканова _bТ. Г. |
|
| 701 | 1 |
_aПанова _bМ. А. |
|
| 701 | 1 |
_aХолошенко _bН. А. |
|
| 801 | 0 |
_aRU _bNLR _gpsbo |
|
| 801 | 1 |
_aRU _bELAR _2rusmarc |
|
| 852 |
_aNLR _jП10/3428 |
||
| 942 | _cBOOK | ||
| 980 | _aNB | ||